Statistics for Baby, It's Cold Outside Lyrics

Click here to take the quiz!

General Stats

  • This quiz has been taken 102 times
  • The average score is 9 of 46

Answer Stats

Answer% Correct
Baby it's cold outside
94%
Baby it's cold outside
94%
I really can't stay
82%
I really can't stay
82%
I really can't stay
82%
I've got to go away
61%
This evening has been
54%
So very nice
49%
My mother will start to worry
30%
Say, what's in this drink?
24%
So really I'd better scurry
19%
I wish I knew how
18%
Maybe just a half a drink more
16%
I'll hold your hands, they're just like ice
14%
Beautiful, what's your hurry?
13%
I ought to say no, no, no
13%
I'll take your hat, your hair looks swell
12%
Put some records on while I pour
12%
Father will be pacing the floor
11%
What's the sense in hurting my pride?
11%
Baby, it's bad out there
10%
Been hoping that you'd drop in
10%
To break this spell
10%
At least I'm gonna say that I tried
8%
How can you do this thing to me?
8%
It's up to your knees out there
8%
Listen to the fireplace roar
8%
Mind if I move in closer?
7%
Oh, baby, it's cold outside
7%
Oh, baby, it's cold outside
7%
There's bound to be talk tomorrow
7%
Beautiful, please don't hurry
6%
The neighbours might think
6%
At least there will be plenty implied
5%
Baby don't hold out
5%
No cabs to be had out there
5%
Say, lend me your coat
4%
Think of my life long sorrow
4%
I've got to get home
2%
Your eyes are like starlight now
2%
You've really been grand
2%
Get over that hold out
1%
If you caught pneumonia and died
1%
Oh, baby, you'll freeze out there
1%
Thrill when you touch my hand
0%
Why don't you see
0%

Score Distribution

Percentile by Number Answered

Percent of People with Each Score

Your Score History

You have not taken this quiz